000 01274nam a22003497a 4500
005 20220329141314.0
008 971010s1990 r 00010 d
010 _a66135
011 _a67107
035 _a76378
090 _aTesis
100 0 0 _aCázares Quezada, Héctor.
_924148
245 _aVarianza ambiental para la producción láctea de ganado Holstein en la Comarca Lagunera
260 _aBermejillo, Dgo. :
_bEl autor,
_c1990
300 _a57 h.
_b: ilus.
500 _a1992-1217
502 _aTesis (Ing. Agr. Esp. en Zonas Aridas) --UACH. Departamento de Zonas Aridas
590 _aALEPH
_b10
_c20130110
_lUCH01
_h1400
590 _aBATCH-UPD
_b10
_c20130110
_lUCH01
_h0049
590 _aBATCH-UPD
_b10
_c20130110
_lUCH01
_h1659
590 _aBATCH-UPD
_b10
_c20130409
_lUCH01
_h2036
590 _aBATCH-UPD
_b10
_c20130410
_lUCH01
_h1047
590 _aBATCH-UPD
_b10
_c20130914
_lUCH01
_h0953
590 _aCONVERSION
_b10
_c20130109
_lUCH01
_h1336
650 1 4 _aGanado Holstein.
_945133
650 1 4 _aGanado lechero
_xAlimentación.
_945238
650 1 4 _aGanado lechero
_xEfecto del medio ambiente.
_945258
650 1 4 _aGanado lechero
_xGenética.
_945267
650 1 4 _aLeche
_xProducción.
_965400
901 _aBK
949 _bZA
_cTESBD
_d-9407
_eTS1
_h297
_i76378
_si
999 _c66135
_d66135